000
00330 a2200157 4500
001
44590
020
_a
040
_c
Anchieta - Aquarius
100
_a
Calmon, Edson
240
1
0
_a
O papel e a idéia
_l
por
245
1
0
_a
O papel e a idéia
300
_a
362
0
_a
0
650
4
_a
Literatura infanto-juvenil
942
_c
BK
999
_c
44590
_d
44590